|
|
|
|
| LEADER |
00903nam a2200217 a 4500 |
| 001 |
2124976 |
| 008 |
090602s1998 nyu 000 0 eng d |
| 010 |
|
|
|a 97021649
|
| 020 |
|
|
|a 068815428X
|
| 040 |
|
|
|a DLC
|c DLC
|d DLC
|
| 082 |
0 |
0 |
|a 658.3/14
|2 21
|
| 100 |
1 |
|
|a Blanchard, Kenneth H.
|
| 245 |
1 |
0 |
|a Gung ho! :
|b increase productivity, profits and your own prosperity /
|c Ken Blanchard, Sheldon Bowles.
|
| 260 |
|
|
|a London :
|b Harper Collins Publishers,
|c c1998.
|
| 300 |
|
|
|a xvii, 187 p. :
|c 22 cm.
|
| 541 |
1 |
|
|e 00013342
|
| 650 |
|
0 |
|a Employee motivation.
|
| 700 |
1 |
|
|a Bowles, Sheldon M.
|
| 852 |
4 |
|
|a Ayesha Abed Library
|j General shelf
|
| 999 |
|
|
|c 1225
|d 1225
|
| 952 |
|
|
|0 0
|1 3
|2 ddc
|4 0
|6 658_300000000000000_14_BLA
|7 0
|9 1112
|a BRACUL
|b BRACUL
|c GEN
|d 2009-06-25
|g 637.00
|l 1
|m 30
|o 658.314 BLA
|p 3010013342
|r 2018-02-14
|s 2017-07-03
|t 1
|w 2009-06-25
|y BK
|x Lost and cost paid by Asir Faisal (16105009) serial no.29737 on 14/02/2018.
|